Κατάλογος Βιβλιοθηκών Mediterranean College

Εντοπισμός και Αξιολόγηση Επιχειρηματικής Ευκαιρίας/ Η Περίπτωση μιας Νέας Εταιρίας στον Κλάδο Τροφίμων και Ποτών (Record no. 8576)

MARC details
000 -LEADER
fixed length control field 01575cam a22001934a 4500
005 - ΗΜΕΡΟΜΗΝΙΑ ΚΑΙ ΩΡΑ ΤΕΛΕΥΤΑΙΑΣ ΕΝΗΜΕΡΩΣΗΣ
Πεδίο ελέγχου 20250605164340.0
008 - FIXED-LENGTH DATA ELEMENTS--GENERAL INFORMATION
Πεδίο ελέγχου σταθερού μήκους 250528s ||||||||||||||||||||||||d
035 ## - SYSTEM CONTROL NUMBER
System control number 23575
040 ## - ΠΗΓΗ ΚΑΤΑΛΟΓΟΓΡΑΦΗΣΗΣ
Φορέας πρωτότυπης καταλογογράφησης MC Athens Campus Library
Γλώσσα καταλογογράφησης Ελληνικά, Μοντέρνα (1453-)
Modifying agency MC Athens Campus Library
Κανόνες περιγραφικής καταλογογράφησης AACR2
245 1# - ΤΙΤΛΟΣ ΚΑΙ ΔΗΛΩΣΗ ΥΠΕΥΘΥΝΟΤΗΤΑΣ
Τίτλος Εντοπισμός και Αξιολόγηση Επιχειρηματικής Ευκαιρίας/ Η Περίπτωση μιας Νέας Εταιρίας στον Κλάδο Τροφίμων και Ποτών
260 ## - PUBLICATION, DISTRIBUTION, ETC.
Date of publication, distribution, etc. 2015
300 ## - PHYSICAL DESCRIPTION
Extent 87
520 ## - SUMMARY, ETC.
Summary, etc. Εισαγωγή, Επιχειρηματικότητα, Τύποι των Επιχειρηματικών Προφίλ, Η Επιχειρηματικότητα στην Ελλάδα, Ανάλυση της Αγοράς, Ανάλυση του Περιβάλλοντος, Επιχειρηματική Ευκαιρία, Τύποι των Ευκαιριών, Ευκαιρίες Μίμησης, Ευκαιρίες Κατανομής, Ευκαιρίες Ανακάλυψης, Εφευρετικές Ευκαιρίες, Η Μελέτη Περίπτωσης: Μια Νέα Ευκαιρία στον Κλάδο Τροφίμων και Ποτών, Ανάλυση της Έρευνας, Συμπεράσματα, Προσωπικός Αναστοχασμός, Τύποι των Ευκαιριών, Ερωτηματολόγιο Έρευνας, Αίτηση Ηθικής Έγκρισης - Γράμματα.
700 1# - ΠΡΟΣΘΕΤΗ ΑΝΑΓΡΑΦΗ--ΦΥΣΙΚΟ ΠΡΟΣΩΠΟ
Personal name Δρ. Κιτωνάκης Νίκος
9 (RLIN) 9160
700 1# - ΠΡΟΣΘΕΤΗ ΑΝΑΓΡΑΦΗ--ΦΥΣΙΚΟ ΠΡΟΣΩΠΟ
Personal name Καπογιαννάτος Γεράσιμος
9 (RLIN) 9162
942 ## - ADDED ENTRY ELEMENTS (KOHA)
Koha item type Διπλωματική εργασία
Holdings
Τύπος τεκμηρίου Βιβλιοθήκη Τρέχουσα τοποθεσία Barcode Ημερομηνία απόκτησης Ταξιθετικό σύμβολο Αριθμός αντιτύπου Κατάσταση απόσυρσης Κατάσταση χαμένου Κατάσταση κατεστραμμένου Μη δανεισμός Σύνολο δανεισμών Ημερομηνία τελευταίας εμφάνισης Η τιμή ισχύει από
Διπλωματική εργασία MC Athens Campus Library MC Athens Campus Library 9780000085757 05/06/2025 BUS 2015 (6) 1           05/06/2025 05/06/2025

MC Athens Campus Library
Πατησίων 94 & Κοδριγκτώνος 13, 104 34
Πελλήνης 8 & Πατησίων 107, 112 51
Τ: +30 210 8899600

MC Thessaloniki Campus Library
Ίωνος Δραγούμη 21, 54625 | Ίωνος Δραγούμη 15, 54625
Τ: +30 2310 287779 – Τ: +30 2314 440300